Canada Quiz - Statistics

General Stats
  • This quiz has been taken 41 times
  • The average score is 11 of 15
Answer Stats
Hint Answer % Correct
Tallest building in Canada CN Tower
100%
Capital of Canada Ottawa
96%
Biggest city Toronto
96%
Country that Canada shares the king with UK
96%
Province containing Halifax Nova Scotia
88%
Largest island Baffin Island
85%
Capital of Newfoundland and Labrador St John's
85%
Biggest city in Alberta Calgary
81%
Most populous province in Canada Ontario
81%
Capital of the province is Iqualuit Nunavut
73%
Smallest province Prince Edward Island
73%
Tenth largest island (in the world) Ellesmere
65%
Biggest province in Canada Quebec
50%
Northernmost inhabited place (the world) Alert
46%
Least populous province in Canada Yukon
23%
No matching quizzes found
Score Distribution
Percent of People with Each Score
Percentile by Number Answered
Your Score History
You have not taken this quiz